| 000 | 00445nam a22001817a 4500 | ||
|---|---|---|---|
| 003 | NUST - PNEC | ||
| 005 | 20170116181113.0 | ||
| 008 | 150919b xxu||||| |||| 00| 0 eng d | ||
| 020 | _a0582444799 | ||
| 040 | _cLIBRARY | ||
| 082 | _a621.89 CAM | ||
| 100 |
_911391 _aCameron, A. |
||
| 245 |
_aBasic lubrication theory _cA. Cameron |
||
| 250 | _a- | ||
| 260 | _cc.1971 | ||
| 650 |
_911392 _aLubrication and lubricants _xME |
||
| 942 |
_2ddc _cBK |
||
| 999 |
_c69235 _d69235 |
||